000 00902nam a2200265 a 4500
001 62280
003 BD-RjUL
005 20211209081050.0
008 170123s1984 bg a eng |
020 _cTk. 250.00
020 _c: Complimentary
035 _a(BD-RjUL)62406
040 _aANL
_beng
_dANL
_cBD-RjUL
041 _aeng
082 _223
_a304.6095492021
_bRAS 1984 (DS)
110 _aBangladesh Bureau of Statistics
_9179266
245 1 0 _aBangladesh population census, 1981:
_bDistrict: Rajshahi /
_cBangladesh Bureau of Statistics
260 _aDhaka, :
_bBangladesh Bureau of Statistics,
_c1984
300 _aLXXV, 973 p. :
_bIll ;
_c28 cm.
490 _aDistrict Series: Rajshahi
651 _aBangladesh
_zRajshahi
_xPopulation
_vStaistics
_y1981
_9185155
651 _aBangladesh
_zRajshahi
_vCensus, 1981
_9185154
830 _aDistrict Series: Rajshahi
_9185242
942 _2ddc
_cRAR
999 _c62280
_d62280